| 000 | 00735nam a2200241Ia 4500 | ||
|---|---|---|---|
| 003 | OSt | ||
| 005 | 20220918212123.0 | ||
| 006 | a|||||r|||| 00| 0 | ||
| 007 | ta | ||
| 008 | 220917b |||||||| |||| 00| 0 eng d | ||
| 024 | _a127,331 | ||
| 037 | _cTextual | ||
| 040 |
_aARTS _cARTS _beng |
||
| 041 |
_2eng _aeng |
||
| 082 | _aX0aY:1, L8.1-.2 | ||
| 100 |
_aWeber Max _922368 |
||
| 245 | 0 |
_aEconomy and society _b An outline of interpretive sociology, ed by Guenther Roth and Claus Wittich, tr by ERphraim Fischoff etc |
|
| 260 |
_aBerkeley _bUniv of California Press _c1978 |
||
| 490 | _aFYUP DC-1 SOC | ||
| 650 | _aECONOMICS | ||
| 942 |
_hX0aY:1, L8.1-.2 _cTEXL _2CC |
||
| 999 |
_c250473 _d250473 |
||